| 000 | 00928nas a2200301 4500 | ||
|---|---|---|---|
| 001 | BR2014002881 | ||
| 003 | BR-BrBNA | ||
| 005 | 20231205124006.0 | ||
| 007 | ta | ||
| 008 | 230509b bl.|||p| |||| 00| 00por d | ||
| 040 |
_aBR-BrBNA _bpor _cBiblioteca Nacional de Agricultura |
||
| 041 | _a(Pt) | ||
| 072 | _aL50; L73 | ||
| 100 | 1 | _aPalumbo, M.I.P. | |
| 100 | 1 | _aJark, P.C. | |
| 100 | 1 | _aMachado, L.H.A. | |
| 100 | 1 | _aMachado, V.M.V. | |
| 100 | 1 | _aResende, L.A.L. | |
| 100 | 1 | _aBorges, A.S. | |
| 245 | 1 | _aPotencial evocado auditivo para diagnóstico de surdez em gato com síndrome vestibular periférica | |
| 650 | _aGATO | ||
| 650 | _aAUDIÇÃO | ||
| 650 | _aDIGNÓSTICO | ||
| 650 | _aOTITE | ||
| 773 | 0 |
_tArquivo Brasileiro de Medicina Veterinária e Zootecnia (Brazil) _xISSN 0102-0935 _g(Dec 2013), v. 65(6) p. 1681-1684 _wBR2014002881 |
|
| 909 |
_a202311 _bLúcia _c55 _dLúcia Elande |
||
| 942 |
_2AGRIS _n0 _cANA |
||
| 999 |
_c236790 _d236790 |
||